Янка Купала (Запис № 463464)

МАРК-запис
000 -Лідер
fixed length control field 00574nam a22002177a 4500
001 - Контрольний номер
control field 216219330
003 - Ідентифікатор контрольного номера
control field UA-OsUOA
005 - Дата та час останнього входження (трансакції)
control field 20200925095945.0
008 - Елементи даних фіксованої довжини – загальна інформація
fixed length control field 200925b un ||||| |||| 00| 0 ukr d
040 ## - Джерело каталогізації
Агенція оригінальної каталогізації UA-OsUOA
Мова каталогізації ukr
Агенція, яка здійснювала перезапис UA-OsUOA
Агенція, яка здійснювала модифікацію UA-OsUOA
041 ## - Код мови
Код мови тексту/ звукової доріжки чи окремого заголовка (П) ukr
080 ## - Індекс Універсальної десяткової класифікації
Індекс Універсальної десяткової класифікації (УДК) (НП) 82.09(476)
090 ## - Локальний шифр розміщення
Класифікаційний індекс УДК 82.09(476)
Авторський знак (НП) М74
100 ## - Основне введення – ім’я особи
Ім’я особи (НП) Мозольков Е.
245 ## - Відомості про назву
Назва (НП) Янка Купала
Дані про відповідальність (НП) Евг. Мозольков
260 ## - Публікація, розповсюдження і т.п. (Вихідні дані)
Місце публікації, розповсюдження і т.п. (П) Москва
Ім’я/ наймення видавництва, розповсюджувача і т.п. (П) Советский писатель
Дата публікації, розповсюдження і т.п. (П) 1949
300 ## - Фізичний опис
Обсяг 181 с.
650 ## - Додаткове предметне введення – тематичний термін
Джерело заголовка чи терміна 82
942 ## - Додаткові елементи входу (Коха)
Source of classification or shelving scheme Universal Decimal Classification
Тип елемента Koha Книги
955 ## - Код типу видання за змістом
Код типу видання за змістом (НП) Літературно-художні видання
Фонди
Стан вилучень Стан втрат Джерело класифікації або схеми стелажів Стан уражень Не для кредиту Постійне місце розташування Поточне розміщення Дата придбання Інвентарний номер Усього замовленно Повний номер виклику Штрих-код Дата останнього перегляду Ціна ефективна від Тип елемента Koha
    Universal Decimal Classification     АБ - Абонемент НБ АБ - Абонемент НБ 25/09/2010 9263   82.09(476) М74 9263 27/05/2022 25/09/2020 Книги